[Event "StEM 2016"]
[Site "Bochum"]
[Date "2016.09.13"]
[Round "1.1"]
[White "Quast, Marcel"]
[Black "Koch, Guido"]
[Result "1-0"]
[WhiteElo "2230"]
[BlackElo "1633"]
[PlyCount "37"]
[EventDate "2016.??.??"]
[WhiteTeam "SC Gerthe - Werne"]
[BlackTeam "SV Wattenscheid"]

1. e4 c6 2. d4 d6 3. Nf3 Nf6 4. Nc3 Bg4 5. h3 Bxf3 6. Qxf3 e6 7. Be3 d5 8. Bd3
dxe4 9. Nxe4 Nbd7 10. a3 Be7 11. O-O Nxe4 12. Bxe4 Bf6 13. Rfd1 Qe7 14. c4 Rd8
15. Rac1 Bg5 16. Bb1 Bxe3 17. Qxe3 Nf6 18. Ba2 O-O 19. d5 1-0

[Event "StEM 2016"]
[Site "Bochum"]
[Date "2016.09.13"]
[Round "1.2"]
[White "Hoffmann, Klaus"]
[Black "Wolf, Ulrich"]
[Result "0-1"]
[WhiteElo "1628"]
[BlackElo "2045"]
[PlyCount "60"]
[EventDate "2016.??.??"]
[WhiteTeam "SG HÃ¶ntrop"]
[BlackTeam "SV Wattenscheid"]

1. e4 c5 2. c3 d6 3. Nf3 Nf6 4. d3 Nc6 5. Be3 g6 6. Be2 Bg7 7. Nbd2 O-O 8. O-O
Ng4 9. d4 Nxe3 10. fxe3 Bh6 11. d5 Bxe3+ 12. Kh1 Nb8 13. Nc4 Bh6 14. Qc2 Bg4
15. Rad1 Nd7 16. Ng1 Bxe2 17. Qxe2 b5 18. Ne3 Qa5 19. Ng4 Bg7 20. Nf3 Rab8 21.
e5 h5 22. e6 hxg4 23. exf7+ Rxf7 24. Qe6 gxf3 25. Qxd7 fxg2+ 26. Kxg2 Bf6 27.
Qe6 Qxa2 28. Rxf6 Qxb2+ 29. Kg1 exf6 30. Qxd6 Re8 0-1

[Event "StEM 2016"]
[Site "Bochum"]
[Date "2016.09.13"]
[Round "1.3"]
[White "Hahn, Matthias"]
[Black "Bauer, Matthias"]
[Result "0-1"]
[WhiteElo "2041"]
[BlackElo "1620"]
[PlyCount "46"]
[EventDate "2016.??.??"]
[WhiteTeam "SV Bochum-Linden"]
[BlackTeam "SV GÃ¼nnigfeld"]

1. d4 f5 2. Bg5 h6 3. Bh4 d5 4. e4 g6 5. exf5 Bxf5 6. g4 Be6 7. Bd3 Bf7 8. Nf3
Nc6 9. Nbd2 Bg7 10. c3 Qd7 11. Nb3 Qxg4 12. Nc5 O-O-O 13. Rg1 Qh5 14. Nxb7 Kxb7
15. Qa4 Rd6 16. Ba6+ Ka8 17. Bg3 Re6+ 18. Ne5 Nxe5 19. dxe5 Bxe5 20. Bxe5 Qxe5+
21. Kd2 Nf6 22. Rae1 Ne4+ 23. Kc2 Qf5 0-1

[Event "StEM 2016"]
[Site "Bochum"]
[Date "2016.09.13"]
[Round "1.4"]
[White "Benning, Martin"]
[Black "Lang, Daniel"]
[Result "0-1"]
[WhiteElo "1556"]
[BlackElo "1992"]
[PlyCount "28"]
[EventDate "2016.??.??"]
[WhiteTeam "SG Bochum"]
[BlackTeam "SV Wattenscheid"]

1. e3 d5 2. c4 c6 3. Nc3 Nf6 4. Nf3 a6 5. a3 Bf5 6. cxd5 cxd5 7. Qb3 Ra7 8. Nd4
Bg6 9. Be2 e5 10. Nf3 Nc6 11. Qa4 Bd6 12. Bb5 axb5 13. Qxb5 Qa5 14. b4 Bxb4 0-1

[Event "StEM 2016"]
[Site "Bochum"]
[Date "2016.09.13"]
[Round "1.5"]
[White "Freisen, Thomas"]
[Black "Boxberg, Marc"]
[Result "1-0"]
[WhiteElo "1934"]
[BlackElo "1536"]
[PlyCount "47"]
[EventDate "2016.??.??"]
[WhiteTeam "SV GÃ¼nnigfeld"]
[BlackTeam "SVG Marten-BÃ¶vinghausen"]

1. d4 Nf6 2. Nf3 d6 3. Nc3 g6 4. e4 Bg7 5. Be2 O-O 6. O-O Nbd7 7. e5 dxe5 8.
dxe5 Ng4 9. e6 fxe6 10. Ng5 Nxf2 11. Rxf2 Rxf2 12. Kxf2 Qf8+ 13. Kg1 Nb6 14.
Nb5 c6 15. Nc7 Rb8 16. Ncxe6 Bxe6 17. Nxe6 Qf6 18. Nxg7 Kxg7 19. Qf1 Qe6 20.
Bd3 Qd7 21. Be3 Nd5 22. Bd4+ Kg8 23. Qe2 e6 24. Qe5 1-0

[Event "StEM 2016"]
[Site "Bochum"]
[Date "2016.09.13"]
[Round "1.6"]
[White "Hoffmann, Michael"]
[Black "Schmidt, Ralph"]
[Result "0-1"]
[WhiteElo "1513"]
[BlackElo "1917"]
[PlyCount "52"]
[EventDate "2016.??.??"]
[WhiteTeam "SC an der Uni Bochum"]
[BlackTeam "SV Bochum-Linden"]

1. d4 e5 2. dxe5 Nc6 3. Nf3 Qe7 4. Nc3 Nxe5 5. e4 Nf6 6. Bg5 c6 7. Bd3 h6 8.
Bxf6 Qxf6 9. Nxe5 Qxe5 10. a3 Bd6 11. Qd2 O-O 12. g3 b5 13. f4 Qe7 14. e5 f5
15. Kd1 Bc7 16. Ne2 d6 17. exd6 Qxd6 18. c3 Rd8 19. Kc2 c5 20. c4 Be6 21. b3
bxc4 22. bxc4 Ba5 23. Nc3 Qd4 24. Rhd1 Bxc4 25. Bxf5 Qf6 26. Bd3 Rxd3 0-1

[Event "StEM 2016"]
[Site "Bochum"]
[Date "2016.09.13"]
[Round "1.7"]
[White "KlÃ¼ting, Reiner"]
[Black "Tolksdorf, JÃ¼rgen"]
[Result "1/2-1/2"]
[WhiteElo "1866"]
[BlackElo "1477"]
[PlyCount "49"]
[EventDate "2016.??.??"]
[WhiteTeam "SV Wattenscheid"]
[BlackTeam "SG HÃ¶ntrop"]

1. d4 b6 2. c4 Bb7 3. Nc3 e6 4. a3 Nf6 5. Nf3 Be7 6. Bg5 h6 7. Bh4 O-O 8. e3 d5
9. Be2 Nbd7 10. O-O c5 11. Ne5 Nxe5 12. dxe5 Ne8 13. Bg3 Nc7 14. Qb3 dxc4 15.
Bxc4 Bh4 16. Rad1 Qe7 17. e4 Bxg3 18. hxg3 Rad8 19. Rxd8 Rxd8 20. Rd1 Rd4 21.
Rxd4 cxd4 22. Ne2 Bxe4 23. Nxd4 Qc5 24. Nb5 Nxb5 25. Qxb5 1/2-1/2

[Event "StEM 2016"]
[Site "Bochum"]
[Date "2016.09.13"]
[Round "1.9"]
[White "Finke, Dominik"]
[Black "Gausmann, Thomas"]
[Result "1-0"]
[WhiteElo "1828"]
[BlackElo "1455"]
[PlyCount "97"]
[EventDate "2016.??.??"]
[WhiteTeam "SG Bochum"]
[BlackTeam "SG Bochum"]

1. e4 e5 2. Nf3 Nc6 3. Bb5 a6 4. Ba4 Nf6 5. O-O Bc5 6. Bxc6 dxc6 7. Nxe5 Nxe4
8. c3 O-O 9. d4 Bd6 10. Re1 Nf6 11. Bg5 Be7 12. Nd2 Nd5 13. Bxe7 Nxe7 14. Ne4
Nd5 15. Qh5 Nf6 16. Nxf6+ Qxf6 17. Re3 Qf5 18. Qxf5 Bxf5 19. Rae1 Be6 20. a3
Rad8 21. Nd3 Bc4 22. Nc5 b6 23. Ne4 Bd5 24. f4 f6 25. Ng3 g6 26. Re7 Rf7 27.
Kf2 Kf8 28. R7e3 Rfd7 29. Ne4 Bxe4 30. Rxe4 c5 31. dxc5 Rd2+ 32. R1e2 Rxe2+ 33.
Kxe2 bxc5 34. Re6 Rd6 35. Rxd6 cxd6 36. Kd3 Ke7 37. Kc4 Ke6 38. b4 cxb4 39.
cxb4 g5 40. fxg5 fxg5 41. Kd4 d5 42. a4 Kd6 43. b5 axb5 44. axb5 h6 45. g4 Kc7
46. Kxd5 Kb6 47. Kc4 Kb7 48. Kc5 Kc7 49. b6+ 1-0

[Event "StEM 2016"]
[Site "Bochum"]
[Date "2016.09.13"]
[Round "1.10"]
[White "Mai, Michael"]
[Black "Brandhoff, Gerd"]
[Result "0-1"]
[WhiteElo "1436"]
[BlackElo "1828"]
[PlyCount "68"]
[EventDate "2016.??.??"]
[WhiteTeam "SV GÃ¼nnigfeld"]
[BlackTeam "SV GÃ¼nnigfeld"]

1. d4 d5 2. c4 e6 3. Nc3 Nf6 4. Bg5 Nbd7 5. cxd5 exd5 6. Nxd5 Nxd5 7. Bxd8 Bb4+
8. Qd2 Bxd2+ 9. Kxd2 Kxd8 10. e3 c6 11. Bc4 N7b6 12. Bb3 f6 13. Ne2 g5 14. e4
Nc7 15. Ng3 Be6 16. Bc2 Nb5 17. Rad1 Ke7 18. Rhe1 Nxd4 19. Kc1 Nxc2 20. Kxc2
Rad8 21. Re2 Rxd1 22. Kxd1 Rd8+ 23. Kc2 Nc4 24. b3 Ne5 25. f3 Kf7 26. Re3 c5
27. Ne2 b6 28. g3 Nc6 29. f4 h6 30. f5 Bc8 31. h4 Ba6 32. Nc3 Nd4+ 33. Kb2 Re8
34. Nd5 Bb7 0-1

[Event "StEM 2016"]
[Site "Bochum"]
[Date "2016.09.13"]
[Round "1.11"]
[White "Sondermann, Dirk"]
[Black "Bock, Oswin"]
[Result "1-0"]
[WhiteElo "1794"]
[BlackElo "1316"]
[PlyCount "101"]
[EventDate "2016.??.??"]
[WhiteTeam "Sport Union Annen"]
[BlackTeam "SG HÃ¶ntrop"]

1. d4 g6 2. c4 Bg7 3. Nc3 Nf6 4. e4 d6 5. f3 O-O 6. Be3 b6 7. Qd2 Nbd7 8. Nge2
e5 9. d5 Nc5 10. b4 Na6 11. Nb5 Nh5 12. Bg5 Qd7 13. Rc1 Bb7 14. g4 Nf4 15. Bxf4
exf4 16. h4 Qe7 17. Nbd4 Nb8 18. h5 Qg5 19. Nb5 Na6 20. a3 Qf6 21. Nbd4 Rfe8
22. Nb3 Nb8 23. Ned4 a6 24. Qh2 h6 25. hxg6 Qxg6 26. Nf5 Bf8 27. g5 h5 28. Qxh5
Qxh5 29. Rxh5 Nd7 30. Be2 Ne5 31. Kf2 Ng6 32. Rch1 Rad8 33. Nbd4 Bc8 34. Nc6
Rd7 35. Bf1 Bb7 36. Ncd4 Rdd8 37. Ne2 Bc8 38. Nxf4 Bxf5 39. exf5 Bg7 40. fxg6
fxg6 41. Nxg6 Kf7 42. Nf4 Re5 43. Ne6 Rxe6 44. dxe6+ Kxe6 45. Bd3 Bd4+ 46. Kg2
Be5 47. Re1 Kd7 48. Rh7+ Kc8 49. Be4 Rg8 50. g6 Kb8 51. Kh3 1-0

[Event "StEM 2016"]
[Site "Bochum"]
[Date "2016.09.20"]
[Round "2.1"]
[White "Schmidt, Ralph"]
[Black "Quast, Marcel"]
[Result "0-1"]
[WhiteElo "1917"]
[BlackElo "2230"]
[PlyCount "42"]
[EventDate "2016.??.??"]
[WhiteTeam "SV Bochum-Linden"]
[BlackTeam "SC Gerthe - Werne"]

1. e4 e6 2. Nc3 d5 3. exd5 exd5 4. Qf3 Nf6 5. d4 Nc6 6. Bb5 Bg4 7. Qg3 Bd6 8.
Bf4 O-O 9. Bxd6 cxd6 10. Nge2 Bxe2 11. Bxc6 Bc4 12. Ba4 b5 13. Bb3 Re8+ 14. Kd1
b4 15. Nb1 Qb6 16. Bxc4 dxc4 17. Kc1 Qxd4 18. Rd1 Qe5 19. Rxd6 Qe1+ 20. Rd1
Rad8 21. Nd2 Qxd2+ 0-1

[Event "StEM 2016"]
[Site "Bochum"]
[Date "2016.09.20"]
[Round "2.2"]
[White "Wolf, Ulrich"]
[Black "Finke, Dominik"]
[Result "1-0"]
[WhiteElo "2045"]
[BlackElo "1828"]
[PlyCount "119"]
[EventDate "2016.??.??"]
[WhiteTeam "SV Wattenscheid"]
[BlackTeam "SG Bochum"]

1. Nf3 Nf6 2. c4 g6 3. Nc3 Bg7 4. e4 d6 5. h3 c5 6. d4 cxd4 7. Nxd4 O-O 8. Be2
Nc6 9. Be3 Bd7 10. O-O a6 11. Qd2 Rc8 12. Rac1 Nxd4 13. Bxd4 Qa5 14. f3 b5 15.
b3 bxc4 16. Bxc4 Bb5 17. Bxb5 axb5 18. Be3 b4 19. Na4 Nd7 20. Rc2 Nc5 21. Nxc5
dxc5 22. Qe2 Rfd8 23. Rfc1 Bc3 24. Qc4 Bd4 25. Kf2 Bc3 26. Ke2 Qc7 27. f4 e5
28. Rf1 exf4 29. Rxf4 Rd4 30. Bxd4 Qxf4 31. Bxc3 Re8 32. e5 Qxc4+ 33. bxc4 bxc3
34. Rxc3 Rxe5+ 35. Re3 Rf5 36. a4 Rf6 37. Ra3 Ra6 38. a5 f5 39. Kd3 Kf7 40. Kc3
Kf6 41. Kb3 Ke5 42. Ka4 Kd4 43. Kb5 Ra8 44. Ra4 g5 45. Kb6 h5 46. Kb7 Rg8 47.
a6 g4 48. hxg4 hxg4 49. a7 f4 50. a8=Q Rxa8 51. Rxa8 f3 52. gxf3 gxf3 53. Rf8
Kxc4 54. Rxf3 Kb5 55. Rc3 c4 56. Rc1 Kb4 57. Kc6 Kb3 58. Kd5 c3 59. Kd4 c2 60.
Kd3 1-0

[Event "StEM 2016"]
[Site "Bochum"]
[Date "2016.09.20"]
[Round "2.3"]
[White "Lang, Daniel"]
[Black "Sondermann, Dirk"]
[Result "1-0"]
[WhiteElo "1992"]
[BlackElo "1794"]
[PlyCount "87"]
[EventDate "2016.??.??"]
[WhiteTeam "SV Wattenscheid"]
[BlackTeam "Sport Union Annen"]

1. d4 d5 2. c4 c6 3. Nc3 Nf6 4. Nf3 e6 5. Bg5 Be7 6. e3 O-O 7. Qc2 Ne4 8. Bxe7
Qxe7 9. Bd3 f5 10. O-O Nd7 11. Rab1 Kh8 12. b4 Qd6 13. b5 Nxc3 14. Qxc3 c5 15.
cxd5 exd5 16. Ne5 c4 17. Be2 Qe7 18. Rfe1 Nf6 19. f3 Be6 20. Bd1 Nd7 21. Bc2
Nxe5 22. dxe5 Qc5 23. Red1 b6 24. Rd4 Rad8 25. a4 f4 26. Kh1 fxe3 27. Qxe3 Bf5
28. Bxf5 Rxf5 29. Rbd1 h6 30. g4 Rf7 31. g5 Rdf8 32. gxh6 gxh6 33. e6 Rf6 34.
Qe5 Qe7 35. Re1 Re8 36. Qxd5 c3 37. Rc4 Rd8 38. Qe5 Rd6 39. Rc8+ Kh7 40. Qe4+
Rg6 41. Rh8+ Kxh8 42. Qxg6 Qf8 43. Kg1 Rd2 44. e7 1-0

[Event "StEM 2016"]
[Site "Bochum"]
[Date "2016.09.20"]
[Round "2.4"]
[White "Bauer, Matthias"]
[Black "Freisen, Thomas"]
[Result "0-1"]
[WhiteElo "1620"]
[BlackElo "1934"]
[PlyCount "70"]
[EventDate "2016.??.??"]
[WhiteTeam "SV GÃ¼nnigfeld"]
[BlackTeam "SV GÃ¼nnigfeld"]

1. g3 Nf6 2. Bg2 d5 3. d4 Bf5 4. c3 c6 5. Nf3 h6 6. O-O e6 7. Bf4 Be7 8. Qc1
Nbd7 9. a4 Rc8 10. b4 b6 11. Ne5 Nxe5 12. Bxe5 O-O 13. Na3 Nd7 14. Bf4 Re8 15.
Re1 Nf6 16. f3 Bg6 17. e4 Qd7 18. e5 Nh7 19. Nc2 c5 20. bxc5 bxc5 21. Bf1 Qc7
22. Na3 cxd4 23. Ba6 Rb8 24. cxd4 Qb6 25. Bb5 Rec8 26. Qe3 a6 27. Bd7 Rc7 28.
Reb1 Bxb1 29. Rxb1 Qa7 30. Rxb8+ Qxb8 31. Bxe6 fxe6 32. Bxh6 gxh6 33. Qxh6 Bxa3
34. Qxe6+ Kh8 35. Qxd5 Rc2 0-1

[Event "StEM 2016"]
[Site "Bochum"]
[Date "2016.09.20"]
[Round "2.6"]
[White "Hahn, Matthias"]
[Black "KlÃ¼ting, Reiner"]
[Result "1-0"]
[WhiteElo "2041"]
[BlackElo "1866"]
[PlyCount "41"]
[EventDate "2016.??.??"]
[WhiteTeam "SV Bochum-Linden"]
[BlackTeam "SV Wattenscheid"]

1. Nf3 d6 2. d4 g6 3. g3 Bg7 4. Bg2 Nf6 5. c4 O-O 6. Nc3 Nbd7 7. O-O e5 8. e4
exd4 9. Nxd4 Ng4 10. Nde2 Nb6 11. b3 Rb8 12. h3 Nh6 13. Be3 f5 14. Qd2 Nf7 15.
exf5 Bxf5 16. Bd4 Ng5 17. Bxg7 Kxg7 18. f4 Nxh3+ 19. Kh2 Qd7 20. Nd4 Bg4 21. f5
1-0

[Event "StEM 2016"]
[Site "Bochum"]
[Date "2016.09.20"]
[Round "2.7"]
[White "Gausmann, Thomas"]
[Black "Bender, Markus"]
[Result "1-0"]
[WhiteElo "1455"]
[BlackElo "1831"]
[PlyCount "67"]
[EventDate "2016.??.??"]
[WhiteTeam "SG Bochum"]
[BlackTeam "SV GÃ¼nnigfeld"]

1. e4 e6 2. d4 d5 3. Nc3 Nf6 4. Bg5 dxe4 5. Nxe4 Be7 6. Bd3 Nbd7 7. Nf3 h6 8.
Bh4 a6 9. a4 b6 10. O-O Bb7 11. Re1 g5 12. Bg3 Rg8 13. c4 Nxe4 14. Bxe4 Bxe4
15. Rxe4 Nf6 16. Re2 Kf8 17. Qd2 Bd6 18. Bxd6+ Qxd6 19. h3 Rd8 20. Rd1 Nh5 21.
h4 Nf4 22. Re4 Qc6 23. Qc2 f5 24. Re5 Rg7 25. d5 exd5 26. Rxf5+ Kg8 27. hxg5
hxg5 28. Rxg5 d4 29. Rxg7+ Kxg7 30. Qf5 Qf6 31. Qg4+ Kf8 32. Ng5 Ne2+ 33. Kf1
Qf4 34. Ne6+ 1-0

[Event "StEM 2016"]
[Site "Bochum"]
[Date "2016.09.20"]
[Round "2.8"]
[White "Tolksdorf, JÃ¼rgen"]
[Black "Hoffmann, Klaus"]
[Result "1/2-1/2"]
[WhiteElo "1477"]
[BlackElo "1628"]
[PlyCount "61"]
[EventDate "2016.??.??"]
[WhiteTeam "SG HÃ¶ntrop"]
[BlackTeam "SG HÃ¶ntrop"]

1. e4 e5 2. Nf3 Nf6 3. Bc4 Be7 4. O-O Nc6 5. Re1 O-O 6. c3 d6 7. h3 Na5 8. Bf1
c5 9. b4 cxb4 10. cxb4 Nc6 11. a3 Qc7 12. Nc3 a6 13. Bb2 Be6 14. Rc1 Qd7 15. d4
Nxd4 16. Nxd4 exd4 17. Qxd4 Rfd8 18. Nd5 Bxd5 19. exd5 Ne8 20. Qf4 h6 21. Re3
Bg5 22. Qg3 Bxe3 23. fxe3 Qf5 24. Rd1 Qg5 25. Qe1 Rac8 26. Bd3 Kf8 27. Bd4 Qxd5
28. Bxa6 Qe4 29. Bd3 Qe6 30. Qf2 Ra8 31. Bb6 1/2-1/2

[Event "StEM 2016"]
[Site "Bochum"]
[Date "2016.09.20"]
[Round "2.9"]
[White "Koch, Guido"]
[Black "Hoffmann, Michael"]
[Result "0-1"]
[WhiteElo "1633"]
[BlackElo "1513"]
[PlyCount "46"]
[EventDate "2016.??.??"]
[WhiteTeam "SV Wattenscheid"]
[BlackTeam "SC an der Uni Bochum"]

1. Nc3 d5 2. d4 Nf6 3. Bg5 Bf5 4. Nf3 e6 5. e3 Be7 6. Be2 Nbd7 7. O-O h6 8. Bh4
O-O 9. Bg3 Ne4 10. Nxe4 Bxe4 11. Nd2 Bh7 12. f3 Nf6 13. Bd3 Rc8 14. Bxh7+ Kxh7
15. c4 c5 16. Bf2 cxd4 17. exd4 dxc4 18. Nxc4 Nd5 19. Qd3+ Kg8 20. Ne5 Qd6 21.
Be1 Rfd8 22. Bc3 Nxc3 23. bxc3 Qxe5 0-1

[Event "StEM 2016"]
[Site "Bochum"]
[Date "2016.09.20"]
[Round "2.10"]
[White "Bock, Oswin"]
[Black "Benning, Martin"]
[Result "0-1"]
[WhiteElo "1316"]
[BlackElo "1556"]
[PlyCount "84"]
[EventDate "2016.??.??"]
[WhiteTeam "SG HÃ¶ntrop"]
[BlackTeam "SG Bochum"]

1. Nf3 c5 2. g3 Nf6 3. Bg2 g6 4. O-O Bg7 5. c4 O-O 6. Nc3 d6 7. d3 Bd7 8. a3
Qc8 9. Rb1 Bh3 10. e3 Bxg2 11. Kxg2 Nc6 12. b4 b6 13. e4 Nh5 14. Nd5 e6 15. Nf4
Nxf4+ 16. Bxf4 e5 17. Be3 f5 18. b5 Ne7 19. Bg5 Qd7 20. Qd2 Rf7 21. Bh6 Raf8
22. Ng5 Bxh6 23. h4 Bxg5 24. Qxg5 f4 25. h5 Kh8 26. h6 Ng8 27. f3 Qe7 28. Qxe7
Nxe7 29. g4 g5 30. Rh1 Rf6 31. Rh5 Rg6 32. Rbh1 Rff6 33. a4 Ng8 34. Kf2 Nxh6
35. Rg1 Nf7 36. Rgh1 Rh6 37. Kg2 Rxh5 38. Rxh5 Rh6 39. Kh3 Rxh5+ 40. gxh5 Kg7
41. Kg4 Kf6 42. h6 Kg6 0-1

[Event "StEM 2016"]
[Site "Bochum"]
[Date "2016.09.20"]
[Round "2.11"]
[White "Boxberg, Marc"]
[Black "Mai, Michael"]
[Result "1-0"]
[WhiteElo "1536"]
[BlackElo "1436"]
[PlyCount "25"]
[EventDate "2016.??.??"]
[WhiteTeam "SVG Marten-BÃ¶vinghausen"]
[BlackTeam "SV GÃ¼nnigfeld"]

1. e4 e6 2. d4 d5 3. e5 c5 4. c3 Qb6 5. Nf3 Nc6 6. Bd3 cxd4 7. cxd4 Bd7 8. Bc2
Bb4+ 9. Nc3 Nge7 10. O-O O-O 11. Bxh7+ Kh8 12. Ng5 f6 13. Qh5 1-0

[Event "StEM 2016"]
[Site "Bochum"]
[Date "2016.09.27"]
[Round "3.1"]
[White "Quast, Marcel"]
[Black "Lang, Daniel"]
[Result "1/2-1/2"]
[WhiteElo "2230"]
[BlackElo "1992"]
[PlyCount "34"]
[EventDate "2016.??.??"]
[WhiteTeam "SC Gerthe - Werne"]
[BlackTeam "SV Wattenscheid"]

1. e4 c5 2. d4 cxd4 3. c3 Nf6 4. e5 Nd5 5. Nf3 Nc6 6. Bc4 Nb6 7. Bb3 d5 8. exd6
Qxd6 9. O-O Be6 10. Na3 a6 11. cxd4 Bd5 12. Bxd5 Qxd5 13. Nc2 e6 14. Ne3 Qb5
15. a4 Qa5 16. Bd2 Bb4 17. Re1 O-O 1/2-1/2

[Event "StEM 2016"]
[Site "Bochum"]
[Date "2016.09.27"]
[Round "3.2"]
[White "Freisen, Thomas"]
[Black "Wolf, Ulrich"]
[Result "1/2-1/2"]
[WhiteElo "1934"]
[BlackElo "2045"]
[PlyCount "26"]
[EventDate "2016.??.??"]
[WhiteTeam "SV GÃ¼nnigfeld"]
[BlackTeam "SV Wattenscheid"]

1. c4 c5 2. Nf3 Nf6 3. Nc3 b6 4. g3 Bb7 5. Bg2 e6 6. O-O a6 7. d4 cxd4 8. Qxd4
Bc5 9. Qd3 O-O 10. Nd2 Bxg2 11. Kxg2 Qc7 12. Nde4 Be7 13. Bf4 Qc6 1/2-1/2

[Event "StEM 2016"]
[Site "Bochum"]
[Date "2016.09.27"]
[Round "3.3"]
[White "Brandhoff, Gerd"]
[Black "Schmidt, Ralph"]
[Result "0-1"]
[WhiteElo "1828"]
[BlackElo "1917"]
[PlyCount "86"]
[EventDate "2016.??.??"]
[WhiteTeam "SV GÃ¼nnigfeld"]
[BlackTeam "SV Bochum-Linden"]

1. e4 e5 2. Nf3 Nc6 3. d4 exd4 4. Bc4 Bc5 5. c3 Nf6 6. Bg5 h6 7. Bh4 d6 8. O-O
O-O 9. cxd4 Bb6 10. h3 g5 11. Bg3 Nxe4 12. Qd3 Bf5 13. Qd1 Qf6 14. Nc3 Nxg3 15.
Nd5 Qg7 16. Nxb6 Nxf1 17. Nxa8 Rxa8 18. Kxf1 Be4 19. Nd2 Qxd4 20. Bb3 Na5 21.
Nxe4 Nxb3 22. Qxb3 Qxe4 23. Re1 Qc6 24. Re7 Rf8 25. Kg1 b6 26. h4 Qc1+ 27. Kh2
Qf4+ 28. Kg1 Qc1+ 29. Kh2 gxh4 30. Qf3 a5 31. b3 c6 32. Re3 Qc5 33. Re4 f5 34.
Rxh4 Rf6 35. g3 d5 36. Qf4 Qd6 37. Qe3 c5 38. Qe8+ Kg7 39. Kg2 d4 40. Qe2 d3
41. Qd2 Re6 42. g4 Re2 43. Qd1 Qd4 0-1

[Event "StEM 2016"]
[Site "Bochum"]
[Date "2016.09.27"]
[Round "3.4"]
[White "Benning, Martin"]
[Black "Hahn, Matthias"]
[Result "0-1"]
[WhiteElo "1556"]
[BlackElo "2041"]
[PlyCount "43"]
[EventDate "2016.??.??"]
[WhiteTeam "SG Bochum"]
[BlackTeam "SV Bochum-Linden"]

1. f4 d5 2. Nf3 Nf6 3. e3 Bg4 4. h3 Bxf3 5. Qxf3 Nbd7 6. d3 e5 7. e4 dxe4 8.
dxe4 Bb4+ 9. Bd2 Qe7 10. f5 O-O-O 11. a3 Bxd2+ 12. Nxd2 Nc5 13. O-O-O Rd4 14.
g4 Rhd8 15. Bg2 Nfxe4 16. Nxe4 Nxe4 17. Rxd4 Qg5+ 18. Kb1 Rxd4 19. Ka1 Nd6 20.
Rd1 Rd2 21. Re1 Rxc2 22. Rxe5 0-1

[Event "StEM 2016"]
[Site "Bochum"]
[Date "2016.09.27"]
[Round "3.5"]
[White "Finke, Dominik"]
[Black "Boxberg, Marc"]
[Result "0-1"]
[WhiteElo "1828"]
[BlackElo "1536"]
[PlyCount "50"]
[EventDate "2016.??.??"]
[WhiteTeam "SG Bochum"]
[BlackTeam "SVG Marten-BÃ¶vinghausen"]

1. e4 e6 2. d4 d5 3. Nc3 Bb4 4. e5 c5 5. a3 Bxc3+ 6. bxc3 Ne7 7. Qg4 Nbc6 8.
Qxg7 Rg8 9. Qxh7 cxd4 10. cxd4 Nxd4 11. Qd3 Qa5+ 12. Bd2 Qa4 13. Rc1 Bd7 14.
Nf3 Nef5 15. Nxd4 Nxd4 16. Bb4 Nc6 17. Bd6 Rc8 18. h4 Ne7 19. h5 Nf5 20. h6 Qf4
21. h7 Qxc1+ 22. Qd1 Qxd1+ 23. Kxd1 Rh8 24. Bd3 Nxd6 25. exd6 f5 0-1

[Event "StEM 2016"]
[Site "Bochum"]
[Date "2016.09.27"]
[Round "3.6"]
[White "Hoffmann, Michael"]
[Black "Funke, Eckhard"]
[Result "0-1"]
[WhiteElo "1513"]
[BlackElo "1815"]
[PlyCount "136"]
[EventDate "2016.??.??"]
[WhiteTeam "SC an der Uni Bochum"]
[BlackTeam "SV GÃ¼nnigfeld"]

1. d4 Nf6 2. c4 e5 3. dxe5 Ng4 4. Nf3 Bc5 5. e3 Nc6 6. Be2 Ngxe5 7. O-O O-O 8.
Nc3 Nxf3+ 9. Bxf3 Ne5 10. Be2 c6 11. a3 a5 12. Ne4 Bb6 13. c5 Bc7 14. Bd2 Qe7
15. Qc2 f5 16. Ng3 d5 17. cxd6 Bxd6 18. Rad1 Be6 19. f4 Nd7 20. e4 Bc5+ 21. Kh1
fxe4 22. Nxe4 Bd5 23. Bf3 Bxe4 24. Bxe4 Nf6 25. Rde1 Qd6 26. Bd3 b6 27. Bc4+
Kh8 28. Re6 Qd7 29. Rfe1 Rad8 30. Bc3 Ng4 31. h3 Nf2+ 32. Kh2 Rxf4 33. Qe2 Rff8
34. b4 Bd6+ 35. g3 Bb8 36. Be5 Bxe5 37. Qxe5 Nd3 38. Bxd3 Qxd3 39. Re7 Rg8 40.
bxa5 bxa5 41. Qxa5 h6 42. Qc5 Qf3 43. Qe3 Rd3 44. Qxf3 Rxf3 45. R1e3 Rf2+ 46.
Kg1 Ra2 47. R7e6 Kh7 48. Rxc6 Rb8 49. Rc1 Rbb2 50. h4 Kg6 51. Rec3 Kh5 52. a4
Kg4 53. Kf1 Rh2 54. Kg1 Rag2+ 55. Kf1 Kh3 56. g4+ Kxh4 57. a5 Rxg4 58. a6 Ra2
59. Rc6 h5 60. R1c2 Rxc2 61. Rxc2 Ra4 62. Rc7 g5 63. a7 Ra2 64. Rc4+ g4 65. Rc7
Kh3 66. Rh7 h4 67. Ke1 g3 68. Rd7 g2 0-1

[Event "StEM 2016"]
[Site "Bochum"]
[Date "2016.09.27"]
[Round "3.7"]
[White "Sondermann, Dirk"]
[Black "Tolksdorf, JÃ¼rgen"]
[Result "1-0"]
[WhiteElo "1794"]
[BlackElo "1477"]
[PlyCount "71"]
[EventDate "2016.??.??"]
[WhiteTeam "Sport Union Annen"]
[BlackTeam "SG HÃ¶ntrop"]

1. d4 b6 2. c4 e6 3. Nc3 Bb7 4. a3 g6 5. Nf3 Bg7 6. e4 Ne7 7. Bf4 O-O 8. Qd2 d5
9. cxd5 exd5 10. e5 c5 11. Nb5 Nf5 12. dxc5 bxc5 13. Bd3 a6 14. g4 axb5 15.
gxf5 c4 16. Bc2 Re8 17. O-O-O Nc6 18. Rhe1 b4 19. axb4 Bf8 20. e6 Nxb4 21.
exf7+ Kxf7 22. Ng5+ Kg8 23. Rxe8 Ra1+ 24. Bb1 Qxe8 25. Qe3 Qxe3+ 26. fxe3 d4
27. Rxd4 Nd3+ 28. Kc2 Nxf4 29. Rxf4 Bh6 30. h4 Bxg5 31. hxg5 gxf5 32. Rxc4 Be4+
33. Rxe4 fxe4 34. b4 Ra3 35. Kd2 Rb3 36. Ba2 1-0

[Event "StEM 2016"]
[Site "Bochum"]
[Date "2016.09.27"]
[Round "3.8"]
[White "Gausmann, Thomas"]
[Black "Bauer, Matthias"]
[Result "1-0"]
[WhiteElo "1455"]
[BlackElo "1620"]
[PlyCount "83"]
[EventDate "2016.??.??"]
[WhiteTeam "SG Bochum"]
[BlackTeam "SV GÃ¼nnigfeld"]

1. e4 d5 2. exd5 Qxd5 3. Nc3 Qa5 4. d4 c6 5. Nf3 Nf6 6. Bd2 Qc7 7. Bc4 Bf5 8.
O-O e6 9. Re1 Nbd7 10. a3 Bd6 11. Bb3 O-O-O 12. Qe2 Bg4 13. h3 Bh5 14. Qe3 Nd5
15. Nxd5 exd5 16. Rac1 f6 17. c4 Rde8 18. Qc3 dxc4 19. Bxc4 Nb6 20. Be6+ Kb8
21. Qb3 Re7 22. d5 Bxf3 23. Qxf3 Rhe8 24. Ba5 Be5 25. Qb3 Qd8 26. Red1 Bd6 27.
dxc6 Rxe6 28. c7+ Qxc7 29. Rxc7 Bxc7 30. Kf1 Be5 31. Re1 g5 32. g3 Rc6 33. f4
Nc4 34. Bc3 gxf4 35. gxf4 Rf8 36. fxe5 fxe5+ 37. Ke2 Rc5 38. Rf1 Rxf1 39. Kxf1
e4 40. Ke2 b5 41. Bd4 Rd5 42. Qg3+ 1-0

[Event "StEM 2016"]
[Site "Bochum"]
[Date "2016.09.27"]
[Round "3.9"]
[White "KlÃ¼ting, Reiner"]
[Black "Bender, Markus"]
[Result "1/2-1/2"]
[WhiteElo "1866"]
[BlackElo "1831"]
[PlyCount "26"]
[EventDate "2016.??.??"]
[WhiteTeam "SV Wattenscheid"]
[BlackTeam "SV GÃ¼nnigfeld"]

1. e4 e6 2. d4 d5 3. Nd2 dxe4 4. Nxe4 Nf6 5. Bg5 Be7 6. Nxf6+ Bxf6 7. Bxf6 Qxf6
8. Nf3 O-O 9. Bd3 Bd7 10. Qe2 Bc6 11. Be4 Bxe4 12. Qxe4 Nc6 13. O-O Rab8
1/2-1/2

[Event "StEM 2016"]
[Site "Bochum"]
[Date "2016.09.27"]
[Round "3.10"]
[White "Hoffmann, Klaus"]
[Black "Koch, Guido"]
[Result "1/2-1/2"]
[WhiteElo "1628"]
[BlackElo "1633"]
[PlyCount "47"]
[EventDate "2016.??.??"]
[WhiteTeam "SG HÃ¶ntrop"]
[BlackTeam "SV Wattenscheid"]

1. e4 e5 2. Nf3 d6 3. Bc4 Be7 4. O-O Nf6 5. Nc3 c6 6. d4 exd4 7. Nxd4 O-O 8.
Re1 Qc7 9. h3 a6 10. Nf3 b5 11. Bd3 Nbd7 12. Bf4 Ne5 13. Rc1 Bb7 14. Nd4 Rae8
15. Nf5 Bd8 16. Be2 d5 17. exd5 Nf3+ 18. Bxf3 Qxf4 19. dxc6 Bxc6 20. Bxc6 Rxe1+
21. Qxe1 Qxf5 22. Ne4 Bb6 23. Nxf6+ Qxf6 24. Bf3 1/2-1/2